Statistics for Top 30 Most Powerful Militaries

Click here to take the quiz!

General Stats

  • This quiz has been taken 86,186 times
    (34,570 since last reset)
  • The average score is 23 of 30

Answer Stats

Rank PwrIndx Answer % Correct
10.0818United States
100%
30.0852China
99%
20.0841Russia
99%
60.1917United Kingdom
98%
50.1869France
97%
100.2461Germany
96%
40.1417India
92%
80.2107Japan
91%
140.3198Brazil
90%
180.3876North Korea
89%
190.4079Spain
88%
110.2565Italy
88%
250.4356Canada
88%
70.2001South Korea
87%
130.3131Iran
87%
210.4203Australia
86%
170.3689Pakistan
79%
120.2751Egypt
78%
260.4636Saudi Arabia
76%
90.2216Turkey
75%
160.3444Israel
71%
220.4276Poland
71%
150.3266Indonesia
69%
290.5283Ukraine
67%
200.4098Vietnam
60%
270.4735Thailand
58%
280.5255Greece
53%
230.4296Algeria
39%
240.4331Taiwan
37%
300.5969Czech Republic
17%

Score Distribution

Percentile by Number Answered

Percent of People with Each Score

Your Score History

You have not taken this quiz since the last reset